000 00565nam a2200241Ia 4500
008 210210b2009 xxu||||| |||| 00| 0 eng d
020 _a9788131728079
041 _aeng
082 _a158.3 GLAC
100 _aGLADDING (Samuel T)
245 _aCounseling: a comprehensive profession Ed 6
250 _a
260 _aNew Delhi
_bPearson Education
_c2009
300 _axvi,583
650 _aprofession
650 _aEd
650 _aCounseling:
650 _acomprehensive
650 _aa
650 _a6
690 _aCounselling
906 _a064662
999 _c141555
_d141555